000 00551nss a2200205 a 4500
003 AR-X00000XY
005 20251128212010.0
008 107020s1965 ||||||||||||||000 | spa||
040 _cAR-X00000XY
245 1 0 _aJanus
_bEl hombre, su historia y su porvenir
260 _aBuenos Aires
_c1965
_bLibrería Hachette
300 0 _a172 p.
655 _aLITERATURA
700 1 _aLaffont, Robert
_eproductor
700 0 _aN.L.F.
_eproductor
700 1 _aLabat, G.B.
_edirector
700 1 _aNoguères, H.
_edirector
942 _cCR
998 _cmartin
999 _c21998
_d21998